Atlás de Zoología: vertebrados
Guardat en:
| Autor principal: | |
|---|---|
| Format: | Llibre |
| Idioma: | espanyol |
| Publicat: |
Barcelona, España
Edibook
1992
|
| Matèries: | |
| Etiquetes: |
Afegir etiqueta
Sense etiquetes, Sigues el primer a etiquetar aquest registre!
|
MARC
| LEADER | 00000nam a2200000 a 4500 | ||
|---|---|---|---|
| 001 | UCZ4132 | ||
| 003 | CL-VaPUC | ||
| 005 | 20250225111401.0 | ||
| 008 | 951106e19920000SP |||||||||||||||||spa|d | ||
| 999 | |c 240550 |d 240548 | ||
| 040 | |c Pontificia Universidad Católica de Valparaíso | ||
| 082 | 0 | 4 | |a 596 PUI 1992 |2 21 |
| 100 | 0 | |a Puigcerver Zanón, Manuel |9 348077 | |
| 245 | 1 | 0 | |a Atlás de Zoología: vertebrados |
| 260 | 0 | 3 | |a Barcelona, España |b Edibook |c 1992 |
| 300 | |a 87 páginas | ||
| 583 | |a last modification |c 19951106 00:00:00 |k Rodrigo Vera | ||
| 650 | 0 | |a Zoología |9 261613 | |
| 650 | 0 | |a Animales |9 269820 | |
| 650 | 0 | |a Anatomía animal |9 338540 | |
| 650 | 0 | |a Vertebrados |9 320144 | |
| 650 | 7 | |a REPTILES |2 CL-VaPUC |9 269773 | |
| 650 | 0 | |a Aves |9 262192 | |
| 650 | 7 | |a MAMIFEROS |2 CL-VaPUC |9 266111 | |
| 650 | 0 | |a Zoogeografía |9 261803 | |
| 942 | |c BK |2 ddc | ||
| 945 | |d 19951106 00:00:00 |a rleighto | ||
| 952 | |0 0 |1 0 |2 ddc |4 0 |6 596_000000000000000_PUI_1992 |7 0 |8 C |9 252496 |a BIBCUR |b BIBCUR |d 2019-11-18 |i 3147363 |l 4 |o 596 PUI 1992 |p 3147363 |r 2025-05-08 |s 2025-05-08 |t 1 |w 2019-11-18 |y BK |k BIO | ||